[Event "SRB-ch (Women) 19th"]
[Site "Pirot"]
[Date "2025.06.03"]
[Round "4"]
[White "Vujatovic, Irina"]
[Black "Vujovic, Vera"]
[Result "0-1"]
[WhiteElo "2008"]
[BlackElo "2179"]
[PlyCount "54"]
[EventDate "2025.05.31"]
[EventType "tourn"]
[EventRounds "9"]
[EventCountry "SRB"]
[SourceTitle "CB24_2025"]
[SourceDate "2025.06.11"]
[SourceVersion "1"]
[SourceVersionDate "2025.06.11"]
[SourceQuality "1"]

1. e4 c5 2. Nf3 d6 3. Bb5+ Bd7 4. Bxd7+ Qxd7 5. 0-0 Nc6 6. c3 d5 7. d3 e6 8. Qe2 Nge7 9. h4 h5 10. Be3 Ng6 11. Na3 Be7 12. g3 0-0-0 13. Nc2 f5 14. exf5 exf5 15. b4 f4 16. Bxc5 Bxc5 17. bxc5 Rde8 18. Qd2 Qg4 19. Ncd4 Nce5 20. Ng5 fxg3 21. f4 g2 22. Rf2 Qxh4 23. Rxg2 Nxf4 24. Nf5 Nh3+ 25. Kh2 Ng4+ 26. Rxg4 Qxg4 27. Nd6+ Kb8 0-1

[Event "SRB-ch (Women) 19th"]
[Site "Pirot"]
[Date "2025.06.01"]
[Round "2"]
[White "Chelushkina, Irina"]
[Black "Vujovic, Vera"]
[Result "0-1"]
[WhiteElo "2141"]
[BlackElo "2179"]
[PlyCount "126"]
[EventDate "2025.05.31"]
[EventType "tourn"]
[EventRounds "9"]
[EventCountry "SRB"]
[SourceTitle "CB24_2025"]
[SourceDate "2025.06.11"]
[SourceVersion "1"]
[SourceVersionDate "2025.06.11"]
[SourceQuality "1"]

1. Nf3 d5 2. g3 c6 3. Bg2 Bg4 4. h3 Bxf3 5. Bxf3 e5 6. Bg2 Nf6 7. d3 Bc5 8. c3 Bb6 9. 0-0 0-0 10. Nd2 Nbd7 11. b4 a5 12. bxa5 Rxa5 13. Nb3 Ra4 14. Nd4 Qa8 15. Nf5 Rxa2 16. Rb1 Qa4 17. Qxa4 Rxa4 18. Bg5 Ra6 19. Rb2 g6 20. Nd6 Rb8 21. Rfb1 Kg7 22. c4 Bc7 23. Nxb7 Rb6 24. c5 Rxb2 25. Rxb2 Nxc5 26. Rc2 Nxb7 27. Rxc6 Bd6 28. Bxf6+ Kxf6 29. Bxd5 Ke7 30. Ra6 Nc5 31. Ra7+ Nd7 32. Bc6 Rd8 33. e4 Bc5 34. Rb7 Kd6 35. Bb5 f5 36. Kg2 Ke6 37. Rc7 Bd6 38. Ra7 h6 39. h4 Be7 40. h5 fxe4 41. hxg6 exd3 42. g7 Nf6 43. Bc4+ Kd6 44. Ra6+ Kc5 45. Bxd3 Rg8 46. Bf5 Rxg7 47. Ra5+ Kd4 48. Ra4+ Kd5 49. f3 Rg5 50. Bc2 Nh5 51. Be4+ Kc5 52. g4 Nf4+ 53. Kf1 Kb5 54. Ra7 Bc5 55. Rh7 h5 56. Bf5 Rg8 57. Bd7+ Kb4 58. Bc6 Rg6 59. Rb7+ Kc3 60. Bd7 Rd6 61. Ke1 h4 62. g5 h3 63. Bf5 Ng2+ 0-1

[Event "SRB-ch sf (Women)"]
[Site "Senta"]
[Date "2025.05.09"]
[Round "5"]
[White "Vujatovic, Irina"]
[Black "Vujovic, Vera"]
[Result "1/2-1/2"]
[WhiteElo "2008"]
[BlackElo "2179"]
[PlyCount "49"]
[EventDate "2025.05.05"]
[EventType "tourn"]
[EventRounds "7"]
[EventCountry "SRB"]
[SourceTitle "CB20_2025"]
[SourceDate "2025.05.14"]
[SourceVersion "1"]
[SourceVersionDate "2025.05.14"]
[SourceQuality "1"]

1. e4 c5 2. Nf3 d6 3. Bb5+ Nd7 4. 0-0 a6 5. Bxd7+ Bxd7 6. Re1 e6 7. c3 Nf6 8. e5 dxe5 9. Nxe5 Be7 10. d4 cxd4 11. cxd4 Rc8 12. Nc3 Bc6 13. Bg5 0-0 14. Rc1 h6 15. Bxf6 Bxf6 16. Qg4 Bd5 17. Qg3 g6 18. Qe3 Bg7 19. a3 b5 20. Ne4 Rxc1 21. Rxc1 Bxe5 22. dxe5 Bxe4 23. Qxe4 Qd2 24. Qc2 Rd8 25. g3 1/2-1/2

[Event "SRB-ch sf (Women)"]
[Site "Senta"]
[Date "2025.05.07"]
[Round "3"]
[White "Ilic, Mia"]
[Black "Vujovic, Vera"]
[Result "0-1"]
[WhiteElo "1719"]
[BlackElo "2179"]
[PlyCount "106"]
[EventDate "2025.05.05"]
[EventType "tourn"]
[EventRounds "7"]
[EventCountry "SRB"]
[SourceTitle "CB20_2025"]
[SourceDate "2025.05.14"]
[SourceVersion "1"]
[SourceVersionDate "2025.05.14"]
[SourceQuality "1"]

1. d4 Nf6 2. c4 g6 3. Nc3 d5 4. Nf3 Bg7 5. Bg5 Ne4 6. cxd5 Nxg5 7. Nxg5 e6 8. Qd2 h6 9. Nf3 exd5 10. b4 a5 11. b5 a4 12. a3 0-0 13. e3 Be6 14. Bd3 Nd7 15. 0-0 Nb6 16. Qd1 Qd7 17. Rb1 Ra5 18. Bc2 Rfa8 19. Ne1 Bf8 20. Ra1 Nc4 21. Qc1 Qd6 22. Nd3 Nxa3 23. Nc5 Nxb5 24. Nxb5 Rxb5 25. Bxa4 Rb4 26. Qd2 Qb6 27. Nxe6 Rbxa4 28. Rxa4 Rxa4 29. Nf4 Qb3 30. Qe2 c6 31. Qg4 Qc2 32. Qc8 Qb3 33. h4 Qb4 34. Qd7 Ra8 35. h5 g5 36. Nd3 Qe7 37. Qf5 Qe4 38. Qxe4 dxe4 39. Nc5 Bxc5 40. dxc5 Ra5 41. Rc1 Kg7 42. g4 Kf6 43. Kg2 Ke5 44. Rd1 Rxc5 45. Rd7 b5 46. Rxf7 b4 47. Rf5+ Kd6 48. Rf6+ Kd5 49. Rxh6 b3 50. Rh8 b2 51. Rb8 Rb5 52. Rd8+ Kc4 53. h6 Rb7 0-1

[Event "SRB-ch sf (Women)"]
[Site "Senta"]
[Date "2025.05.06"]
[Round "2"]
[White "Vujovic, Vera"]
[Black "Grozdanovic, Anastasia"]
[Result "1-0"]
[WhiteElo "2179"]
[BlackElo "2085"]
[PlyCount "61"]
[EventDate "2025.05.05"]
[EventType "tourn"]
[EventRounds "7"]
[EventCountry "SRB"]
[SourceTitle "CB20_2025"]
[SourceDate "2025.05.14"]
[SourceVersion "1"]
[SourceVersionDate "2025.05.14"]
[SourceQuality "1"]

1. e4 c5 2. Nf3 d6 3. d4 cxd4 4. Nxd4 Nf6 5. Nc3 g6 6. Be3 Bg7 7. Be2 0-0 8. 0-0 Nc6 9. h3 a6 10. a4 Bd7 11. Qd2 Rc8 12. f4 Na5 13. Rfe1 Qc7 14. Nf3 Nc4 15. Bxc4 Qxc4 16. e5 Ne4 17. Nxe4 Qxe4 18. c3 Bxa4 19. Bd4 Qc2 20. exd6 Bxd4+ 21. Qxd4 Bc6 22. dxe7 Rfe8 23. Rad1 Qxb2 24. Qf6 Bxf3 25. gxf3 Qa3 26. Rd8 Qc5+ 27. Kg2 Qc4 28. Red1 Qe2+ 29. Kg3 h5 30. Rxc8 h4+ 31. Qxh4 1-0

[Event "Belgrade (Women) 56th"]
[Site "Belgrade"]
[Date "2025.03.08"]
[Round "8"]
[White "Pogorelskikh, Sofia"]
[Black "Vujovic, Vera"]
[Result "1-0"]
[WhiteElo "2313"]
[BlackElo "2174"]
[PlyCount "137"]
[EventDate "2025.03.01"]
[EventType "tourn"]
[EventRounds "9"]
[EventCountry "SRB"]
[SourceTitle "CB11_2025"]
[SourceDate "2025.03.12"]
[SourceVersion "1"]
[SourceVersionDate "2025.03.12"]
[SourceQuality "1"]

1. e4 e5 2. Nf3 Nc6 3. Bb5 a6 4. Ba4 Nf6 5. 0-0 b5 6. Bb3 Bc5 7. c3 d6 8. d4 Bb6 9. a4 Rb8 10. axb5 axb5 11. Na3 Bg4 12. Nxb5 Bxf3 13. Qxf3 exd4 14. Nxd4 Nxd4 15. cxd4 Bxd4 16. Rd1 c5 17. Ba4+ Kf8 18. Be3 Bxe3 19. Qxe3 Qe7 20. Bc6 g6 21. Qh6+ Kg8 22. h3 Rd8 23. Ra3 Rc8 24. Bb5 Nxe4 25. Bc4 Rf8 26. Re3 Qg5 27. Qxg5 Nxg5 28. Rxd6 Rb8 29. Re7 Kf8 30. Rdd7 Re8 31. Rxe8+ Kxe8 32. Rc7 Kd8 33. Rxc5 Ne6 34. Ra5 Ke7 35. Ra7+ Kf6 36. g3 Rd8 37. h4 h5 38. Kg2 Rd2 39. b3 Rb2 40. Rd7 Rb1 41. Kf3 Rb2 42. Ke3 Rb1 43. Rb7 Rb2 44. Ra7 Rb1 45. Ra2 Nc5 46. Kd2 Nd7 47. Kc3 Ne5 48. Rd2 Rg1 49. Bd5 Rf1 50. b4 Rc1+ 51. Kd4 Nd7 52. b5 Nb6 53. Bc6 Ke7 54. Ra2 Kd6 55. Ra7 Rd1+ 56. Ke3 Nc4+ 57. Ke2 Rd2+ 58. Ke1 Rb2 59. Rxf7 Ne5 60. Rf8 Ke7 61. Re8+ Kd6 62. Kf1 Rb4 63. Rg8 Rc4 64. f4 Ng4 65. Rxg6+ Kc7 66. b6+ Kd8 67. Re6 Rc1+ 68. Ke2 Rc2+ 69. Kd3 1-0

[Event "Belgrade-chT Premier"]
[Site "Belgrade"]
[Date "2024.10.16"]
[Round "8.3"]
[White "Lekic, Dusan"]
[Black "Vujovic, Vera"]
[Result "1-0"]
[WhiteElo "2267"]
[BlackElo "2223"]
[PlyCount "75"]
[EventDate "2024.10.09"]
[EventType "team-tourn"]
[EventRounds "11"]
[EventCountry "SRB"]
[SourceTitle "CB44_2024"]
[Source "Chessbase"]
[SourceDate "2024.10.30"]
[SourceVersion "1"]
[SourceVersionDate "2024.10.30"]
[SourceQuality "1"]
[WhiteTeam "Belgrade Partizan"]
[BlackTeam "Belgrade Mirijevo"]
[WhiteTeamCountry "SRB"]
[BlackTeamCountry "SRB"]

1. d4 d5 2. c4 c6 3. Nf3 Nf6 4. e3 a6 5. b3 g6 6. Bd3 Bg7 7. 0-0 Bg4 8. Bb2 e5 9. dxe5 Nfd7 10. Be2 Bxf3 11. gxf3 Nxe5 12. Nc3 dxc4 13. Qxd8+ Kxd8 14. bxc4 f5 15. Rfd1+ Ke8 16. Na4 Nbd7 17. f4 b5 18. fxe5 bxa4 19. Rxd7 Kxd7 20. e6+ Kxe6 21. Bxg7 Rhd8 22. Bd4 Rab8 23. c5 a3 24. Bxa6 Rb4 25. Rc1 Rdb8 26. Bc4+ Ke7 27. Bb3 Ra8 28. f4 Rd8 29. Kf2 Ra8 30. h4 Rab8 31. Ke2 R8b7 32. Kd2 Kf8 33. Kc2 Rd7 34. Kc3 Rbb7 35. Rg1 Re7 36. h5 Rec7 37. hxg6 hxg6 38. Rxg6 1-0

[Event "EU-ch U14 Girls"]
[Site "Prague"]
[Date "2024.08.28"]
[Round "6"]
[White "Sickmann, Lisa"]
[Black "Vujovic, Vera"]
[Result "0-1"]
[WhiteElo "1964"]
[BlackElo "2175"]
[PlyCount "68"]
[EventDate "2024.08.22"]
[EventType "swiss"]
[EventRounds "9"]
[EventCountry "CZE"]
[SourceTitle "CBM 221 Extra"]
[Source "ChessBase"]
[SourceDate "2024.09.30"]
[SourceVersion "1"]
[SourceVersionDate "2024.09.30"]
[SourceQuality "1"]

1. e4 e5 2. Nf3 Nc6 3. Bb5 a6 4. Ba4 Nf6 5. 0-0 b5 6. Bb3 Bc5 7. a4 Bb7 8. Nxe5 Nxe5 9. d4 Bxd4 10. Qxd4 d6 11. axb5 axb5 12. Rxa8 Bxa8 13. Nc3 c5 14. Qd1 c4 15. Nxb5 cxb3 16. Nxd6+ Kf8 17. Bf4 Ng6 18. Bg3 h5 19. e5 Nd5 20. Qf3 Ndf4 21. Qxb3 Bd5 22. Qb4 Ne2+ 23. Kh1 h4 24. e6 hxg3 25. Nxf7+ Kg8 26. fxg3 Nxg3+ 27. Kg1 Ne2+ 28. Kf2 Qh4+ 29. Qxh4 Rxh4 30. Ng5 Nd4 31. Re1 Rxh2 32. c4 Rxg2+ 33. Kf1 Bc6 34. Re5 Nxe5 0-1

[Event "EU-ch U14 Girls"]
[Site "Prague"]
[Date "2024.08.24"]
[Round "3"]
[White "Vujovic, Vera"]
[Black "Siskou, Evangelia"]
[Result "1-0"]
[WhiteElo "2175"]
[BlackElo "1932"]
[PlyCount "113"]
[EventDate "2024.08.22"]
[EventType "swiss"]
[EventRounds "9"]
[EventCountry "CZE"]
[SourceTitle "CBM 221 Extra"]
[Source "ChessBase"]
[SourceDate "2024.09.30"]
[SourceVersion "1"]
[SourceVersionDate "2024.09.30"]
[SourceQuality "1"]

1. e4 e5 2. Nf3 Nc6 3. Bb5 Nf6 4. d3 d6 5. 0-0 Be7 6. c3 0-0 7. Re1 h6 8. Nbd2 Be6 9. Nf1 Nh7 10. d4 exd4 11. cxd4 Bg4 12. Bxc6 bxc6 13. Ne3 Bh5 14. Nf5 Ng5 15. Nxe7+ Qxe7 16. Bxg5 hxg5 17. Rc1 Qf6 18. Rxc6 g4 19. e5 Qf4 20. Qd2 Qxd2 21. Nxd2 Rab8 22. b3 dxe5 23. Rxe5 Bg6 24. f3 Rfd8 25. d5 gxf3 26. Nxf3 Rd7 27. Rc5 f6 28. Re2 Bf7 29. Ra5 Bxd5 30. Rxa7 Rbd8 31. Kf2 Kf7 32. Rc2 c6 33. Rxd7+ Rxd7 34. Ke3 Ke7 35. Nd4 Kd6 36. Nf5+ Ke5 37. g4 Rb7 38. h3 g5 39. Re2 Rh7 40. Kf2+ Kf4 41. Re3 Ra7 42. Nd4 Rxa2+ 43. Ne2+ Rxe2+ 44. Kxe2 f5 45. gxf5 Kxf5 46. Rc3 g4 47. hxg4+ Kxg4 48. Re3 Kf4 49. b4 Kf5 50. Kd3 Kf4 51. Kd4 Bh1 52. Re1 Bg2 53. Kc5 Kf5 54. Rg1 Be4 55. Rf1+ Kg6 56. Rf8 Kg7 57. Rc8 1-0

[Event "EU-ch U14 Girls"]
[Site "Prague"]
[Date "2024.08.23"]
[Round "2"]
[White "Buchtova, Viktorie"]
[Black "Vujovic, Vera"]
[Result "0-1"]
[WhiteElo "1854"]
[BlackElo "2175"]
[PlyCount "106"]
[EventDate "2024.08.22"]
[EventType "swiss"]
[EventRounds "9"]
[EventCountry "CZE"]
[SourceTitle "CBM 221 Extra"]
[Source "ChessBase"]
[SourceDate "2024.09.30"]
[SourceVersion "1"]
[SourceVersionDate "2024.09.30"]
[SourceQuality "1"]

1. e4 e5 2. Nf3 Nc6 3. Bb5 a6 4. Ba4 Nf6 5. 0-0 b5 6. Bb3 Bc5 7. c3 d6 8. d4 Bb6 9. a4 Rb8 10. Be3 Bg4 11. d5 Ne7 12. Nbd2 0-0 13. Bxb6 Rxb6 14. axb5 axb5 15. Qe2 Nh5 16. g3 Qd7 17. Ra5 f5 18. Qe3 f4 19. Qd3 Bh3 20. Rfa1 Qg4 21. Nxe5 Qg5 22. Nef3 Qg6 23. Nh4 Qf6 24. Qd4 Qh6 25. Ra8 Nc8 26. Ndf3 g5 27. Nf5 Bxf5 28. exf5 Nf6 29. Re1 g4 30. Nh4 f3 31. Qe3 Qxe3 32. Rxe3 Kf7 33. h3 h5 34. hxg4 hxg4 35. Ng6 Rg8 36. Nf4 Ne7 37. Rxg8 Nfxg8 38. Ne6 Ra6 39. Re1 Ra7 40. Nd4 Ra5 41. Kh2 Nc8 42. Re4 Nf6 43. Re1 Nd7 44. Nc6 Ra8 45. Re4 Nc5 46. Rb4 Ra1 47. Rxb5 Rf1 48. Nd4 Rxf2+ 49. Kg1 Rg2+ 50. Kf1 Ne4 51. Bd1 Nxg3+ 52. Ke1 f2+ 53. Kd2 f1Q+ 0-1

[Event "Swiss Queens Wed #26"]
[Site "FIDE Online Arena INT"]
[Date "2024.07.25"]
[Round "7"]
[White "Sovetbekova, Nurai"]
[Black "Vujovic, Vera"]
[Result "0-1"]
[WhiteElo "1940"]
[BlackElo "2135"]
[PlyCount "92"]
[EventDate "2024.07.25"]
[EventType "swiss (blitz)"]
[EventRounds "11"]
[EventCountry "NET"]
[SourceTitle "CBM 221 Extra"]
[Source "ChessBase"]
[SourceDate "2024.09.30"]
[SourceVersion "1"]
[SourceVersionDate "2024.09.30"]
[SourceQuality "1"]

1. d4 d5 2. c4 dxc4 3. e3 e6 4. Bxc4 Nf6 5. Nf3 c5 6. 0-0 a6 7. a4 Nc6 8. Nc3 Be7 9. d5 exd5 10. Nxd5 Nxd5 11. Bxd5 0-0 12. Bxc6 bxc6 13. Qc2 Be6 14. Bd2 Qb6 15. Bc3 Rab8 16. Nd2 Rfd8 17. Rfd1 Rd7 18. Nc4 Rxd1+ 19. Rxd1 Bxc4 20. Qe4 Be6 21. a5 Rd8 22. Rc1 Qb3 23. Qf3 Bf6 24. Bxf6 gxf6 25. h3 Qxb2 26. Rxc5 Qd2 27. Rxc6 Qd1+ 28. Qxd1 Rxd1+ 29. Kh2 Rd2 30. Kg3 h5 31. h4 Ra2 32. Rxa6 Kg7 33. Ra8 Bd5 34. Ra7 Kg6 35. Ra6 Ra1 36. Kh2 Be6 37. Ra8 Ra4 38. a6 Rxh4+ 39. Kg1 Ra4 40. a7 Kg7 41. f3 Ra2 42. Kf1 Bc4+ 43. Kg1 Be2 44. Kf2 Ba6+ 45. Kg3 Bb7 46. Rc8 Bxc8 0-1

[Event "Belgrade Serbia op"]
[Site "Belgrade"]
[Date "2024.07.18"]
[Round "6"]
[White "Vujovic, Vera"]
[Black "Pasti, Zsombor"]
[Result "1-0"]
[WhiteElo "2135"]
[BlackElo "2039"]
[PlyCount "69"]
[EventDate "2024.07.12"]
[EventType "swiss"]
[EventRounds "9"]
[EventCountry "SRB"]
[SourceTitle "CBM 221 Extra"]
[Source "ChessBase"]
[SourceDate "2024.09.30"]
[SourceVersion "1"]
[SourceVersionDate "2024.09.30"]
[SourceQuality "1"]

1. e4 e5 2. Nf3 Nc6 3. Bb5 a6 4. Bxc6 dxc6 5. 0-0 Bg4 6. h3 h5 7. d3 Qf6 8. Be3 Bxf3 9. Qxf3 Qxf3 10. gxf3 Bd6 11. Nd2 Ne7 12. Rfd1 0-0-0 13. Kf1 Ng6 14. Ke2 Rde8 15. Rg1 Rhg8 16. Rg5 Rh8 17. Rag1 Be7 18. R5g2 Bf6 19. c3 b6 20. b4 Rd8 21. Nb3 Rd7 22. Rd1 Rhd8 23. Rd2 Be7 24. Rg1 Rf8 25. a3 Rd6 26. d4 Re6 27. d5 cxd5 28. exd5 Rd6 29. c4 Rfd8 30. Rgd1 f5 31. c5 bxc5 32. bxc5 R6d7 33. c6 Rd6 34. Na5 f4 35. Ba7 1-0

[Event "SRB-ch (Women) 18th"]
[Site "Senta"]
[Date "2024.06.18"]
[Round "2"]
[White "Vujovic, Vera"]
[Black "Radenkovic, Mila"]
[Result "1-0"]
[WhiteElo "2154"]
[BlackElo "1870"]
[PlyCount "117"]
[EventDate "2024.06.17"]
[EventType "tourn"]
[EventRounds "9"]
[EventCountry "SRB"]
[SourceTitle "CBM 220 Extra"]
[Source "ChessBase"]
[SourceDate "2024.07.31"]
[SourceVersion "1"]
[SourceVersionDate "2024.07.31"]
[SourceQuality "1"]

1. e4 d6 2. d4 Nf6 3. Nc3 e5 4. Nf3 Nbd7 5. Bc4 Be7 6. 0-0 0-0 7. Re1 h6 8. h3 Re8 9. Be3 c6 10. a4 a5 11. Bb3 Bf8 12. Qb1 exd4 13. Bxd4 Nc5 14. Bxc5 dxc5 15. e5 Nd5 16. Nxd5 cxd5 17. Rd1 Be6 18. Qa2 Qb6 19. Bxd5 Bxd5 20. Rxd5 Rac8 21. Qb3 Qxb3 22. cxb3 Re6 23. Rc1 Rce8 24. Rc3 b6 25. Kf1 g6 26. Ke2 b5 27. axb5 Rb6 28. Nd2 Rxb5 29. Ne4 Re6 30. f4 Reb6 31. Nd2 a4 32. Nc4 Ra6 33. bxa4 Rxa4 34. Rd1 Rbb4 35. Kd3 Kg7 36. g4 Be7 37. f5 Bg5 38. f6+ Kh7 39. b3 Ra2 40. Ke4 Ra7 41. Rd6 Rab7 42. Rdd3 Bh4 43. Rf3 Rb8 44. Kd5 Rc8 45. Rcd3 Rbb8 46. Nd6 Rc7 47. Rc3 Be1 48. Rxc5 Ra7 49. Rb5 Rd8 50. Re3 Bf2 51. Rc3 Rad7 52. Rc6 Bh4 53. b4 Ra8 54. Rb7 Rxb7 55. Nxb7 g5 56. Rc7 Kg6 57. Nd6 Bg3 58. Rxf7 Ra1 59. Rg7# 1-0

[Event "Gligoric Cup (Women) 10th"]
[Site "Paracin"]
[Date "2024.05.22"]
[Round "2.1"]
[White "Rakhmangulova, Anastasiya"]
[Black "Vujovic, Vera"]
[Result "1/2-1/2"]
[WhiteElo "2324"]
[BlackElo "2103"]
[PlyCount "99"]
[EventDate "2024.05.21"]
[EventType "team-swiss"]
[EventRounds "5"]
[EventCountry "SRB"]
[SourceTitle "CBM 220 Extra"]
[Source "ChessBase"]
[SourceDate "2024.07.31"]
[SourceVersion "1"]
[SourceVersionDate "2024.07.31"]
[SourceQuality "1"]
[WhiteTeam "Sremska Mitrovica Sirmium (W)"]
[BlackTeam "Belgrade Mirijevo (W)"]
[WhiteTeamCountry "SRB"]
[BlackTeamCountry "SRB"]

1. e4 e5 2. Nf3 Nc6 3. Bb5 a6 4. Ba4 Nf6 5. Nc3 b5 6. Bb3 Bc5 7. a4 Rb8 8. axb5 axb5 9. d3 h6 10. Nd5 0-0 11. c3 d6 12. 0-0 Bg4 13. h3 Bh5 14. Be3 Nxd5 15. Bxd5 Ne7 16. Bb3 Bxe3 17. fxe3 c5 18. g4 Bg6 19. Nh4 c4 20. Nxg6 Nxg6 21. dxc4 bxc4 22. Bxc4 Rxb2 23. Rb1 Rxb1 24. Qxb1 Qh4 25. Kh2 Nh8 26. Bd5 h5 27. Qd1 hxg4 28. Qxg4 Qxg4 29. hxg4 Rc8 30. c4 Rc7 31. Ra1 Ng6 32. Ra6 Rd7 33. c5 dxc5 34. Rxg6 Rxd5 35. exd5 fxg6 36. Kg3 c4 37. Kf3 Kf7 38. e4 Ke7 39. g5 Kd6 40. Ke3 Kc5 41. Kd2 Kb5 42. Kc2 Kb6 43. Kb2 Kb5 44. Ka3 Ka5 45. d6 Kb6 46. Kb4 Kc6 47. Kxc4 Kxd6 48. Kb5 Kd7 49. Kc5 Kc7 50. Kd5 1/2-1/2